Políticas educativas en México : (Record no. 69950)

MARC details
000 -LEADER
fixed length control field 00749cam a2200193 4500
008 - FIXED-LENGTH DATA ELEMENTS--GENERAL INFORMATION
fixed length control field 081230s2005 mx 000 0 spa u
020 ## - INTERNATIONAL STANDARD BOOK NUMBER
International Standard Book Number 9685087717
050 04 - LIBRARY OF CONGRESS CALL NUMBER
Classification number LC92.M4
Item number A75 2005
100 1# - MAIN ENTRY--PERSONAL NAME
Personal name Arias Castañeda, Eduardo
245 10 - TITLE STATEMENT
Title Políticas educativas en México :
Remainder of title tres momentos en la historia tres visiones desde la filosofía /
Statement of responsibility, etc Eduardo Arias Castañeda, Miguel Bazdresch Parada, Xavier Vargas Beal; Cristina Cárdenas Castillo, coord.
250 ## - EDITION STATEMENT
Edition statement 1a ed.
260 ## - PUBLICATION, DISTRIBUTION, ETC. (IMPRINT)
Place of publication, distribution, etc México :
Name of publisher, distributor, etc Iteso,
Date of publication, distribution, etc 2005
300 ## - PHYSICAL DESCRIPTION
Extent 129 p. ;
Dimensions 23 cm.
504 ## - BIBLIOGRAPHY, ETC. NOTE
Bibliography, etc Incluye bibliografía
650 #7 - SUBJECT ADDED ENTRY--TOPICAL TERM
Topical term or geographic name as entry element Política educativa
Geographic subdivision México
Chronological subdivision Siglo XX
Source of heading or term Librunam
650 #7 - SUBJECT ADDED ENTRY--TOPICAL TERM
Topical term or geographic name as entry element Educación
General subdivision Filosofía
Geographic subdivision México
Source of heading or term Librunam
942 ## - ADDED ENTRY ELEMENTS (KOHA)
Source of classification or shelving scheme Biblioteca del Cogreso de los Estados Unidos
Koha item type Libro
Holdings
Estado de pérdida Fuente de clasificación Estado del daño No para préstamo Ubicación permanente Ubicación actual Apartado o colección Fecha de adquisición Edición Dependencia de educación superior (DES) Área del conocimiento Clasificación Código de Barras Date last seen Número de copia Tipo de recurso
  Biblioteca del Cogreso de los Estados Unidos     Biblioteca del Instituto de Investigaciones Históricas Biblioteca del Instituto de Investigaciones Históricas General 25/10/2018 1a ed. Humanidades Ciencias Sociales y Administrativas LC92 .M4A75 2005 IIH000001181 25/10/2018 C:1 Libro